| 000 | 00359nam a22001457a 4500 | ||
|---|---|---|---|
| 020 | _a9789693522884 | ||
| 040 | _cNUST | ||
| 082 |
_a891.4393 _bTAH |
||
| 100 |
_aMuhammad Yahya Khan, Baba _980876 |
||
| 245 | _a Kajal Khotha | ||
| 260 |
_aLAHORE; _bSang-E-Meel Publications, _c2018 |
||
| 300 | _b968P | ||
| 650 | _2Urdu Literature-Essays | ||
| 942 |
_2ddc _cBK |
||
| 999 |
_c585742 _d585742 |
||